MARC

LEADER 00000nam0a2200000 4500
001 26137
005 20231030201456.0
010 |a 524703211X 
035 |a (RuTPU)RU\TPU\book\26377 
035 |a BOOK00000294 
090 |a 26137 
100 |a 20011209d1993 k y0rusy50 ca 
101 0 |a rus 
102 |a RU 
105 |a a z 001zy 
200 1 |a Гидродинамические методы увеличения нефтеотдачи  |f О. Э. Цынкова, Н. А. Мясникова, Б. Т. Баишев 
210 |a Москва  |c Недра  |d 1993 
215 |a 158 с.  |c ил. 
320 |a Библиогр.: с. 154-156. 
610 1 |a нефтеотдача 
610 1 |a увеличение 
610 1 |a гидродинамика 
610 1 |a пласты 
610 1 |a процессы 
610 1 |a исследования 
675 |a 622.276.3  |v 3 
700 1 |a Цынкова  |b О. Э.  |g Ольга Эммануиловна 
701 1 |a Мясникова  |b Н. А.  |g Нелли Александровна 
701 1 |a Баишев  |b Б. Т.  |g Булат Тагирович 
801 0 |a RU  |b 63413507  |c 20011209  |g PSBO 
801 2 |a RU  |b 63413507  |c 20151116  |g PSBO 
942 |c BK